000 00415 a2200145 4500
001 67035
020 _a9783527407514
082 _a531.3 MOO
090 _c38602
_d38602
100 _aMoon,Francis C
245 _aApplied Dynamics With Application to Multibody and Mechatronic System 2nd/Ed
_bApplied Dynamics
_cFrancis C Moon
_henglish
250 _a2nd
260 _aUSA
_bWiley-Veh
_c2008
300 _axiv 567p ;
942 _acaenust
_k531.3 MOO
999 _c302108
_d302108